000 00885nam a22001337a 4500
040 _cRUA
082 _aAVM KON 2010 B092 Or.1
100 _aKONG SOTHUN
245 _aEffect of leucaena leucocephala leaves and shrimp by-product supplementation on growth rate of avian broiler at royal university of agriculture, (ឥទ្ធិពលនៃការបន្ថែមស្លឹកកន្ធំថេតស្រស់ និង អនុផលបង្គាលើចំណីក្រុមហ៊ុន ស៊ី​ ភី លើការលូតលាស់របស់មាន់សាច់ AVIAN នៅសាកលវិទ្យាល័យភូមិន្ទកសិកម្ម)
260 _aphnom penh
_brua
_c2010
300 _axiii, 41p.
_bill.
_c29cm.
856 _uhttps://drive.google.com/file/d/1wNI_jkmF3zOd_V4pAlg5P21SjnbzzY12/view?usp=sharing
942 _cAVM
999 _c2399
_d2399